=LDR 00000nam 2200000 4500 =001 001007 =005 20250712024308 =035 ##$$a 0010-0725000886 =007 ta =008 250712################a##########0#ind## =020 ##$$a 978-623-307-290-8 =082 ##$$a 398.209 598 =084 ##$$a 398.209 598 VAR h =100 #$$a Varsha seshan =245 1#$$a Hari ini : $b Aku ingin menjadi /$c Varsha seshan =250 ##$$a Cetakan pertama =260 ##$$a Rawamangun :$b Badan pengembangan dan pembinaan bahasa,$c 2022 =300 ##$$a 16hlm. : $b Ilus. ; $c 29,7cm =650 #4$$a Cerita indonesia anak indonesia-terjemahan